Liczby 1-10 po szwedzku - Statystyki

Ogólne statystyki
  • Ten quiz został rozwiązany 10 razy
  • Średni wynik to 8 z 10
Statystyki odpowiedzi
Polski Szwedzki % Poprawnych
Jeden Ett
100%
Osiem Åtta
83%
Pięć Fem
83%
Dziewięć Nio
83%
Sześć Sex
83%
Dziesięć Tio
83%
Trzy Tre
83%
Dwa Två
83%
Siedem Sju
67%
Cztery Fyre
50%
Nie znaleziono quizów pasujących do podanych kryteriów
Rozkład punktacji
Procent ludzi z każdym wynikiem
Percentyl według liczby udzielonych odpowiedzi
Twoja historia wyników
Nie rozwiązałeś tego quizu